| 000 | 00651nam a2200193 u 4500 | ||
|---|---|---|---|
| 005 | 20220603063537.0 | ||
| 008 | 160526s2007 r 000 0 eng d | ||
| 020 | _a9789806990104 | ||
| 035 | _aUPN01000210703 | ||
| 049 | _aC | ||
| 050 | 4 |
_aHQ1121 _bM8.5 |
|
| 245 | 0 | 3 |
_aLa mujer en el tiempo : _bcronología ilustrada : 20 siglos de personajes y eventos que marcaron la historia de la mujer / _cBlanca Strepponi ... [et al.]. |
| 260 |
_aCaracas : _bMagenta, _c2007. |
||
| 300 |
_a167 p. : _bil. col. |
||
| 650 | 2 |
_aMujeres _xHistoria y condición de la mujer _91583 |
|
| 700 | 1 |
_aStrepponi, Blanca, _ecoaut. |
|
| 905 | _aLibro | ||
| 999 |
_c182804 _d182804 |
||